Caesar / (Record no. 125490)
[ view plain ]
| 000 -LEADER | |
|---|---|
| fixed length control field | 00719cam a2200265 a 4500 |
| 001 - CONTROL NUMBER | |
| control field | 2333504 |
| 003 - CONTROL NUMBER IDENTIFIER | |
| control field | ARRUPE |
| 005 - DATE AND TIME OF LATEST TRANSACTION | |
| control field | 20161013085432.0 |
| 008 - FIXED-LENGTH DATA ELEMENTS--GENERAL INFORMATION | |
| fixed length control field | 780509s1930 nyu 000 1 eng |
| 010 ## - LIBRARY OF CONGRESS CONTROL NUMBER | |
| LC control number | 30031597 |
| 035 ## - SYSTEM CONTROL NUMBER | |
| System control number | (OCoLC)ocm03876866 |
| 035 ## - SYSTEM CONTROL NUMBER | |
| System control number | (NNC)2333504 |
| 040 ## - CATALOGING SOURCE | |
| Original cataloging agency | DLC |
| Transcribing agency | YNG |
| Modifying agency | SER |
| -- | PIT |
| -- | ZCU |
| 041 1# - LANGUAGE CODE | |
| Language code of text/sound track or separate title | engund |
| 050 0# - LIBRARY OF CONGRESS CALL NUMBER | |
| Classification number | PT2619.E4 |
| Item number | C3 1930 |
| 082 ## - DEWEY DECIMAL CLASSIFICATION NUMBER | |
| Classification number | 833.91 |
| 099 ## - LOCAL FREE-TEXT CALL NUMBER (OCLC) | |
| Classification number | 834J397 |
| -- | P2 |
| 300 ## - PHYSICAL DESCRIPTION | |
| Dimensions | 20 cm. |
| 100 1# - MAIN ENTRY--PERSONAL NAME | |
| Personal name | Jelusich, Mirko, |
| Dates associated with a name | 1886-1969. |
| 9 (RLIN) | 26673 |
| 245 10 - TITLE STATEMENT | |
| Title | Caesar / |
| Statement of responsibility, etc | by Mirko Jelusich |
| 260 ## - PUBLICATION, DISTRIBUTION, ETC. (IMPRINT) | |
| Place of publication, distribution, etc | Wien : |
| Name of publisher, distributor, etc | F.G. Speidel'sche Verlagsbuchhandlung, |
| Date of publication, distribution, etc | 1930. |
| 300 ## - PHYSICAL DESCRIPTION | |
| Extent | 498 p. |
| 600 10 - SUBJECT ADDED ENTRY--PERSONAL NAME | |
| Personal name | Caesar, Julius |
| Form subdivision | Fiction. |
| 9 (RLIN) | 26674 |
| 942 ## - ADDED ENTRY ELEMENTS (KOHA) | |
| Source of classification or shelving scheme | Library of Congress Classification |
| Koha item type | Monograph ( Printed materials) |
| Withdrawn status | Lost status | Source of classification or shelving scheme | Damaged status | Not for loan | Collection code | Home library | Current library | Shelving location | Date acquired | Total Checkouts | Full call number | Barcode | Date last seen | Price effective from | Koha item type |
|---|---|---|---|---|---|---|---|---|---|---|---|---|---|---|---|
| Library of Congress Classification | Main Collection | ARRUPE LIBRARY | ARRUPE LIBRARY | Main Collection | 13/10/2016 | PT2619.E4 C33 1930 | 46500010591 | 02/07/2019 | 13/10/2016 | Monograph ( Printed materials) |